000 00342nam a2200133Ia 4500
008 240624s9999 xx 000 0 und d
041 _aeng
082 _a519.5 NIC
100 _aNICOLAY DAVID
245 _aASYMPTOTIC CHAOS EXPANSIONS IN FINANCE T
260 _c2014
_aLondon
_bSpringer
300 _axxii, 491 p,: 23 cm.
365 _cERU
_b30
999 _c31037
_d31037